[Event "EU-chT Seniors 05th"]
[Site "Dresden"]
[Date "2003.02.28"]
[Round "6.3"]
[White "Vucenovic, Dragomir"]
[Black "Stuerzenbaum, Arthur"]
[Result "0-1"]
[WhiteElo "2300"]
[BlackElo "2194"]
[EventDate "2003.02.23"]
[PlyCount "98"]

1.d4 Nf6 2.g3 g6 3.Bg2 Bg7 4.Nf3 d6 5.O-O O-O 6.c4 Nbd7 7.Nc3 e5 8.h3 c6 
9.e4 Qb6 10.d5 cxd5 11.cxd5 Nc5 12.Qe2 Bd7 13.Be3 a5 14.Rab1 Rfc8 15.Rfd1 
a4 16.Nd2 Ne8 17.b4 axb3 18.Nxb3 Qa7 19.Nxc5 dxc5 20.Rb3 Nd6 21.Bf1 Bf8 
22.Qb2 Qa5 23.Rb1 f6 24.f3 Be7 25.Rb6 Qa3 26.Qd2 c4 27.g4 g5 28.Rxb7 Nxb7 
29.Rxb7 Be8 30.d6 Qxd6 31.Nd5 Bd8 32.Qf2 c3 33.Nb6 Qc6 34.Bc4+ Kh8 35.Bd5 
Bxb6 36.Bxc6 Bxe3 37.Qxe3 Rxc6 38.Rb6 Rac8 39.Rxc6 Rxc6 40.Qc1 c2 41.a4 
Bf7 42.Kf2 Bb3 43.a5 Kg7 44.h4 h6 45.h5 Rd6 46.Qa3 Rd1 47.Qxb3 c1=Q 48.
Qb7+ Kf8 49.Qb8+ Ke7 0-1

[Event "EU-chT Seniors 05th"]
[Site "Dresden"]
[Date "2003.02.28"]
[Round "6.3"]
[White "Wade, Robert Graham"]
[Black "Titz, Heimo"]
[Result "0-1"]
[WhiteElo "2213"]
[BlackElo "2326"]
[EventDate "2003.02.23"]
[PlyCount "104"]

1.d4 Nf6 2.Nc3 d5 3.Bg5 c5 4.Bxf6 gxf6 5.e4 dxe4 6.d5 f5 7.Qh5 Bg7 8.Bb5+ 
Kf8 9.Bc4 a6 10.a4 Qd6 11.Nge2 Qg6 12.Nf4 Qxh5 13.Nxh5 Be5 14.f4 Bd4 15.
O-O-O Rg8 16.Ne2 Bh8 17.d6 e6 18.g3 Bd7 19.Bb3 Nc6 20.c4 Nb4 21.Kb1 Nd3 
22.Rd2 Bc6 23.Rf1 Rd8 24.Nc1 Rxd6 25.Bc2 Ke7 26.Nxd3 exd3 27.Rxd3 Rxd3 28.
Bxd3 Bxa4 29.h3 Rd8 30.Bc2 Bxc2+ 31.Kxc2 Rd4 32.b3 Re4 33.Kd3 Bd4 34.Rf3 
Re1 35.g4 fxg4 36.hxg4 Rb1 37.Ke4 Re1+ 38.Kd3 Rc1 39.Ke4 Rc3 40.Rxc3 Bxc3 
41.f5 b5 42.cxb5 axb5 43.Nf4 c4 44.bxc4 bxc4 45.Ne2 Bb2 46.fxe6 fxe6 47.g5
Kf7 48.Nf4 Bc1 49.Ne2 Bd2 50.Kd4 c3 51.Kd3 Kg6 52.Nd4 e5 0-1

[Event "EU-chT Seniors 05th"]
[Site "Dresden"]
[Date "2003.02.28"]
[Round "6.3"]
[White "Wiggens, Andrew"]
[Black "Boeckenhaupt, Rudi"]
[Result "0-1"]
[WhiteElo "1820"]
[BlackElo "2145"]
[EventDate "2003.02.23"]
[PlyCount "77"]

1.d4 Nf6 2.Nf3 g6 3.Bg5 Bg7 4.Nbd2 d5 5.e3 O-O 6.c3 c6 7.Be2 Nbd7 8.O-O 
Re8 9.Rc1 Nf8 10.c4 dxc4 11.Bxc4 Ne6 12.Bh4 Nd5 13.Bg3 Nb6 14.Bb3 Bf6 15.
Ne4 Kg7 16.Ne5 Nd5 17.h4 Bxe5 18.Bxe5+ f6 19.Bg3 Nec7 20.Re1 Bf5 21.Nc5 
Bc8 22.Qe2 b6 23.Ne4 Bb7 24.a3 Rc8 25.Red1 Nb5 26.Nc3 Ndxc3 27.bxc3 Nxc3 
28.Qa2 Nb5 29.Bc4 Nd6 30.Bxd6 exd6 31.Qa1 Re7 32.Qb2 Qd7 33.Qe2 Ra8 34.Ra1
Ree8 35.Rab1 Reb8 36.f3 Qe7 37.Re1 f5 38.Qf2 d5 39.Qg3 0-1

[Event "EU-chT Seniors 05th"]
[Site "Dresden"]
[Date "2003.05.28"]
[Round "6.3"]
[White "Shabanov, Yuri"]
[Black "Kristiansen, Erling"]
[Result "1/2-1/2"]
[WhiteElo "2442"]
[BlackElo "2263"]
[EventDate "2003.02.23"]
[PlyCount "43"]

1.e4 e5 2.Nf3 Nc6 3.Nc3 Nf6 4.Bb5 d6 5.d4 Bd7 6.Bxc6 Bxc6 7.Qd3 Qe7 8.O-O 
O-O-O 9.Re1 h6 10.b4 g5 11.a4 g4 12.Nh4 exd4 13.Nf5 Qe5 14.Nxd4 Bxe4 15.
Rxe4 Nxe4 16.Nxe4 d5 17.Ng3 Bxb4 18.Bb2 Rhe8 19.Rb1 Qf4 20.Qf5+ Qxf5 21.
Ndxf5 Bd2 22.Bd4 1/2-1/2

[Event "EU-chT Seniors 05th"]
[Site "Dresden"]
[Date "2003.02.28"]
[Round "6.4"]
[White "Barnstedt, Dietrich"]
[Black "Prelovskij, Rudolf"]
[Result "1/2-1/2"]
[WhiteElo "2171"]
[BlackElo "2154"]
[EventDate "2003.02.23"]
[PlyCount "119"]

1.d4 Nf6 2.Nf3 d6 3.Bg5 Nbd7 4.Nbd2 c6 5.e4 Qc7 6.Bd3 e5 7.O-O Be7 8.c3 
O-O 9.Re1 Re8 10.Nf1 Nf8 11.h3 h6 12.Be3 Ng6 13.Ng3 Bf8 14.Qd2 Bd7 15.Rad1
Rad8 16.Qc2 b6 17.a3 Bc8 18.b4 c5 19.dxc5 dxc5 20.Bb5 Rxd1 21.Rxd1 Rd8 22.
Rxd8 Qxd8 23.Qa4 Qc7 24.Qd1 Be6 25.Bd3 cxb4 26.cxb4 Qc3 27.Bc1 Nf4 28.Bc2 
g5 29.Ne1 a5 30.Qd2 axb4 31.Qxc3 bxc3 32.Nd3 Bb3 33.Nxf4 Bxc2 34.Nfe2 Nxe4
35.Nxe4 Bxe4 36.Nxc3 Bd3 37.Nd5 b5 38.Bb2 f5 39.Nf6+ Kf7 40.Nd7 e4 41.Nxf8
Kxf8 42.Bc1 Kf7 43.f4 Kg6 44.Kf2 Kh5 45.g3 Bc4 46.Bd2 Bb3 47.Bc1 Bd1 48.
Bd2 Kg6 49.Bc1 Kf6 50.Bd2 g4 51.h4 Ke6 52.Ke3 Kd5 53.Bb4 h5 54.Bf8 Kc4 55.
Be7 Bc2 56.Bf8 Kc3 57.Be7 Bb3 58.Bf8 Kc2 59.Be7 Kd1 60.Bb4 1/2-1/2

[Event "EU-chT Seniors 05th"]
[Site "Dresden"]
[Date "2003.02.28"]
[Round "6.4"]
[White "Haug, Kjell Martin"]
[Black "Reinholz, Siegfried"]
[Result "0-1"]
[WhiteElo "1817"]
[BlackElo "1901"]
[EventDate "2003.02.23"]
[PlyCount "66"]

1.c4 f5 2.Nc3 Nf6 3.d4 g6 4.g3 Bg7 5.Bg2 O-O 6.Nf3 d6 7.O-O Qe8 8.Re1 e5 
9.dxe5 dxe5 10.e3 c6 11.b3 Na6 12.Ba3 c5 13.Rb1 e4 14.Nd2 Bd7 15.Nf1 Bc6 
16.Ne2 Ng4 17.Nf4 Ne5 18.Qc2 g5 19.Nd5 Rd8 20.Red1 Qf7 21.Nc3 Nd3 22.Nb5 
b6 23.Qe2 Nb8 24.Bc1 a6 25.Na3 g4 26.Bd2 a5 27.Nb5 Nd7 28.Bc3 Bxc3 29.Nxc3
N7e5 30.Qc2 h5 31.Nd2 Nb4 32.Qb2 Ned3 33.Qa1 Nc2 0-1

[Event "EU-chT Seniors 05th"]
[Site "Dresden"]
[Date "2003.02.28"]
[Round "6.4"]
[White "Kalmutzki, Manfred"]
[Black "Appelt, Gerd"]
[Result "1/2-1/2"]
[WhiteElo "1786"]
[BlackElo "1915"]
[EventDate "2003.02.23"]
[PlyCount "41"]

1.d4 Nf6 2.c4 e6 3.Nc3 c5 4.Nf3 cxd4 5.Nxd4 Bb4 6.Qc2 O-O 7.e3 b6 8.Be2 
Bb7 9.O-O Bxc3 10.Qxc3 d5 11.cxd5 Nxd5 12.Qb3 Nd7 13.Bd2 Nc5 14.Qa3 Ne4 
15.Bb4 Re8 16.Bb5 a5 17.Be1 Rf8 18.f3 Nd6 19.Be2 Rc8 20.Bg3 Nb4 21.Rad1 
1/2-1/2

[Event "EU-chT Seniors 05th"]
[Site "Dresden"]
[Date "2003.02.28"]
[Round "6.4"]
[White "Kneschke, Hansjuergen"]
[Black "Monte, Peter"]
[Result "0-1"]
[WhiteElo "1940"]
[BlackElo "2114"]
[EventDate "2003.02.23"]
[PlyCount "68"]

1.e4 e6 2.d4 d5 3.e5 c5 4.c3 Nc6 5.Nf3 Nge7 6.Bd3 cxd4 7.cxd4 Nf5 8.Bxf5 
exf5 9.O-O Be7 10.Nc3 g5 11.Kh1 Be6 12.Ng1 Qb6 13.Nge2 O-O-O 14.b3 Rdg8 
15.Bb2 Kb8 16.Rc1 f4 17.f3 f6 18.exf6 Bxf6 19.Ba3 Re8 20.Bc5 Qd8 21.Nb5 
Be7 22.Re1 Bf5 23.Qd2 a6 24.Bxe7 Rxe7 25.Nbc3 Rhe8 26.Ng1 Re3 27.Rxe3 fxe3
28.Qd1 Nb4 29.Qe1 Nd3 30.Qg3+ Ka7 31.Rc2 h5 32.Nh3 h4 33.Qxg5 Qxg5 34.Nxg5
Nf2+ 0-1

[Event "EU-chT Seniors 05th"]
[Site "Dresden"]
[Date "2003.02.28"]
[Round "6.4"]
[White "Munro, Donald"]
[Black "Siegmund, Rainer"]
[Result "1/2-1/2"]
[WhiteElo "1848"]
[BlackElo "2111"]
[EventDate "2003.02.23"]
[PlyCount "81"]

1.c4 c5 2.g3 Nc6 3.Bg2 g6 4.Nc3 Bg7 5.e4 e5 6.Nge2 Nge7 7.O-O d6 8.a3 O-O 
9.Rb1 a5 10.Nb5 Be6 11.d3 Qd7 12.Be3 f5 13.f3 h6 14.Qd2 Kh7 15.Nec3 Nd4 
16.Bxd4 exd4 17.Na4 Ra6 18.exf5 Nxf5 19.Bh3 Ne3 20.Bxe6 Qxe6 21.Rbe1 Qd7 
22.Rf2 Qc6 23.Rxe3 dxe3 24.Qxe3 Raa8 25.Qe4 Rae8 26.Qd5 Qxd5 27.cxd5 Bd4 
28.Nxd4 cxd4 29.Nb6 Re3 30.f4 Rxd3 31.Nc4 Rf5 32.Re2 Rxd5 33.Re7+ Kg8 34.
Rxb7 Rc5 35.b3 d5 36.Ne5 Rc1+ 37.Kg2 Rd2+ 38.Kh3 d3 39.Rd7 Rc3 40.Ng4 h5 
41.Nf6+ 1/2-1/2

[Event "EU-chT Seniors 05th"]
[Site "Dresden"]
[Date "2003.02.28"]
[Round "6.4"]
[White "Neudel, Bernd"]
[Black "Keller, Lothar"]
[Result "0-1"]
[WhiteElo "1776"]
[BlackElo "2016"]
[EventDate "2003.02.23"]
[PlyCount "80"]

1.d4 Nf6 2.c4 g6 3.Nc3 Bg7 4.Nf3 O-O 5.e4 d6 6.Be2 c6 7.O-O Nbd7 8.Qc2 e5 
9.Rd1 Qc7 10.h3 Re8 11.Bg5 Nf8 12.Bh4 Ne6 13.Bg3 Nh5 14.d5 Nxg3 15.fxg3 
Nd4 16.Qd2 f5 17.Bd3 Rf8 18.Rf1 Qe7 19.b4 a5 20.Rab1 axb4 21.Rxb4 Nxf3+ 
22.Rxf3 fxe4 23.Bxe4 c5 24.Rxf8+ Qxf8 25.Rb1 Bh6 26.Qe2 Ra3 27.Qb2 Be3+ 
28.Kh2 Ra6 29.Qe2 Qf2 30.Re1 Qxe2 31.Rxe2 Bd4 32.Nb5 Kf7 33.g4 Ke7 34.Kg3 
Ra4 35.Rc2 Bd7 36.Nc7 Ra3+ 37.Kh2 Re3 38.Bf3 e4 39.Bd1 Be5+ 40.Kg1 Re1+ 
0-1

[Event "EU-chT Seniors 05th"]
[Site "Dresden"]
[Date "2003.02.28"]
[Round "6.4"]
[White "Nowarra, Waltraud"]
[Black "Krueger, Erich"]
[Result "0-1"]
[WhiteElo "2212"]
[BlackElo "2234"]
[EventDate "2003.02.23"]
[PlyCount "94"]

1.e4 c6 2.d4 d5 3.exd5 cxd5 4.Nf3 Nc6 5.Bd3 Bg4 6.c3 Nf6 7.Nbd2 e6 8.Qa4 
Bd6 9.Ne5 Qc7 10.Ndf3 Bxf3 11.Nxf3 O-O 12.Bg5 e5 13.dxe5 Nxe5 14.Nxe5 Bxe5
15.O-O Ne4 16.Bxe4 dxe4 17.Qxe4 Bxh2+ 18.Kh1 Rfe8 19.Qh4 Bd6 20.Rfe1 Qb6 
21.b4 Qc6 22.Qd4 f6 23.Bd2 Be5 24.Qc5 Qxc5 25.bxc5 Red8 26.Re2 Rxd2 27.
Rxd2 Bxc3 28.Rad1 Bxd2 29.Rxd2 Rc8 30.Rd7 Rxc5 31.Rxb7 Ra5 32.Rb2 Kf7 33.
g3 g5 34.Kg2 Ra3 35.Re2 h5 36.Rb2 Kg6 37.Rc2 g4 38.Rb2 a5 39.Rc2 Kg5 40.
Rd2 f5 41.Rc2 h4 42.Rb2 hxg3 43.fxg3 a4 44.Rf2 Rc3 45.Rd2 a3 46.Rf2 Kf6 
47.Kh2 Rc1 0-1

[Event "EU-chT Seniors 05th"]
[Site "Dresden"]
[Date "2003.02.28"]
[Round "6.4"]
[White "Ofstad, Per"]
[Black "Bebchuk, Evgeni"]
[Result "1/2-1/2"]
[WhiteElo "2210"]
[BlackElo "2305"]
[EventDate "2003.02.23"]
[PlyCount "29"]

1.e4 d5 2.exd5 Qxd5 3.Nc3 Qd8 4.d4 g6 5.Nf3 Bg7 6.Be3 Nh6 7.Bc4 O-O 8.Qd2 
Nf5 9.O-O-O Nxe3 10.Qxe3 Bg4 11.Rhe1 e6 12.Be2 Bxf3 13.Bxf3 c6 14.Kb1 Qc7 
15.h4 1/2-1/2

[Event "EU-chT Seniors 05th"]
[Site "Dresden"]
[Date "2003.02.28"]
[Round "6.4"]
[White "Piekarz, Peter"]
[Black "Betz, Egon"]
[Result "1/2-1/2"]
[WhiteElo "2011"]
[BlackElo "2031"]
[EventDate "2003.02.23"]
[PlyCount "26"]

1.c4 e5 2.Nc3 Nf6 3.Nf3 Nc6 4.g3 g6 5.Bg2 Bg7 6.O-O d6 7.d3 O-O 8.Rb1 Ne7 
9.Bd2 c6 10.Qc1 Nh5 11.Bh6 f5 12.Bxg7 Kxg7 13.c5 Be6 1/2-1/2

[Event "EU-chT Seniors 05th"]
[Site "Dresden"]
[Date "2003.02.28"]
[Round "6.4"]
[White "Titz, Herbert"]
[Black "Bhend, Edwin"]
[Result "1/2-1/2"]
[WhiteElo "2086"]
[BlackElo "2240"]
[EventDate "2003.02.23"]
[PlyCount "38"]

1.Nf3 d5 2.e3 c5 3.c4 d4 4.exd4 cxd4 5.d3 Nc6 6.Be2 e5 7.O-O Nge7 8.b4 Ng6
9.a3 Be7 10.Re1 O-O 11.Bf1 f6 12.g3 a5 13.b5 Nb8 14.a4 Nd7 15.Nbd2 Re8 16.
Ba3 Bxa3 17.Rxa3 Ndf8 18.Nb3 Ne6 19.Nfd2 Qe7 1/2-1/2

[Event "EU-chT Seniors 05th"]
[Site "Dresden"]
[Date "2003.02.28"]
[Round "6.4"]
[White "Tochtermann, Georg"]
[Black "Flockhart, Hugh"]
[Result "0-1"]
[WhiteElo "2012"]
[BlackElo "1724"]
[EventDate "2003.02.23"]
[PlyCount "104"]

1.e4 d5 2.exd5 Nf6 3.Bb5+ Bd7 4.Bc4 Bf5 5.Nc3 Nbd7 6.Nge2 a6 7.Ng3 Bg6 8.
d3 b5 9.Bb3 Nc5 10.Qf3 Nxb3 11.axb3 b4 12.Nce2 Nxd5 13.Nf4 e6 14.O-O Be7 
15.Bd2 O-O 16.Ra5 c6 17.Rfa1 Qc8 18.Nxg6 hxg6 19.Qe4 Qb7 20.Qe2 Bd8 21.
R5a2 a5 22.Ne4 Bb6 23.Nd6 Qb8 24.Nc4 Bc7 25.g3 Qb5 26.Be3 Ra6 27.Kg2 Rfa8 
28.Bd4 Nf6 29.h3 Qd5+ 30.Qf3 Qxd4 31.Qe2 Qd5+ 32.Qf3 Nd7 33.Ne3 Qxf3+ 34.
Kxf3 Nb6 35.Ke2 a4 36.Kd2 a3 37.bxa3 Rxa3 38.Rxa3 Rxa3 39.Rb1 Be5 40.Nc4 
Bc3+ 41.Ke2 Nxc4 42.dxc4 Ra2 43.Kd3 Ra1 44.Rxa1 Bxa1 45.c5 f6 46.g4 g5 47.
f3 g6 48.Kc4 Bc3 49.Kd3 e5 50.Kc4 Kf7 51.Kd3 Ke6 52.Kc4 Be1 0-1

[Event "EU-chT Seniors 05th"]
[Site "Dresden"]
[Date "2003.02.28"]
[Round "6.4"]
[White "Winiwarter, Felix"]
[Black "Wheeler, John Francis"]
[Result "1-0"]
[WhiteElo "2185"]
[BlackElo "2208"]
[EventDate "2003.02.23"]
[PlyCount "81"]

1.e4 e5 2.Nc3 Nc6 3.Bc4 Nf6 4.d3 Bc5 5.Nf3 d6 6.Bg5 Be6 7.Nd5 Bxd5 8.Bxd5 
Qe7 9.c3 Nd8 10.Nh4 c6 11.Nf5 Qf8 12.Bb3 Ne6 13.Bxf6 gxf6 14.d4 exd4 15.
cxd4 Bb4+ 16.Kf1 O-O-O 17.a3 Ba5 18.d5 Nc5 19.Bc2 Bc7 20.b4 Nd7 21.dxc6 
bxc6 22.Ba4 Nb8 23.Rc1 Kb7 24.Bxc6+ Nxc6 25.Qd5 Qe8 26.b5 Rg8 27.Ke2 Rg5 
28.Rxc6 Rxf5 29.Qxf5 d5 30.Rhc1 Bb6 31.a4 dxe4 32.Rxf6 Rd7 33.Rc4 e3 34.
Qf3+ Kb8 35.fxe3 Bxe3 36.Re4 Qd8 37.Rxe3 Rd1 38.Qf4+ Ka8 39.Qe4+ Kb8 40.
Qe8 Rd2+ 41.Kf3 1-0

[Event "EU-chT Seniors 05th"]
[Site "Dresden"]
[Date "2003.02.28"]
[Round "6.4"]
[White "Zanger, Konrad"]
[Black "Kuehn, Peter2"]
[Result "0-1"]
[WhiteElo "1624"]
[BlackElo "1992"]
[EventDate "2003.02.23"]
[PlyCount "138"]

1.d4 f5 2.g3 Nf6 3.Bg2 e6 4.Nf3 Be7 5.c3 O-O 6.Nbd2 Qe8 7.Nc4 d6 8.Qb3 Nc6
9.e3 Rb8 10.Ncd2 Kh8 11.a3 Bd7 12.Qc2 e5 13.dxe5 dxe5 14.Nc4 Bd8 15.O-O b5
16.Ncd2 e4 17.Nd4 Ne5 18.f3 Qh5 19.Qd1 Qh6 20.N2b3 Be7 21.fxe4 Nxe4 22.Qe2
c5 23.Nc2 Nc4 24.Nd2 Ncxd2 25.Bxd2 Bc6 26.b4 Rbd8 27.Rad1 Bd5 28.Bxe4 Bxe4
29.Bc1 c4 30.Rxd8 Rxd8 31.Rd1 Rd3 32.Nd4 Bd6 33.Rxd3 cxd3 34.Qf2 Qh5 35.
Bd2 a6 36.Ne6 Qd1+ 37.Be1 d2 38.Qxd2 Qf3 39.Nf4 Qh1+ 40.Kf2 Qxh2+ 41.Kf1 
Qh1+ 42.Kf2 Qh2+ 43.Kf1 Qxd2 44.Bxd2 g5 45.Nh5 Bf3 46.Nf6 Bxg3 47.c4 Be5 
48.Nd7 Bb2 49.cxb5 axb5 50.Kf2 Bc6 51.Nc5 Bxa3 52.Bc3+ Kg8 53.Nd3 Be4 54.
Nc5 Kf7 55.Kg3 h5 56.Nb3 Bd3 57.Nc5 Bc2 58.Nd7 Bc1 59.Bd4 f4+ 60.exf4 
Bxf4+ 61.Kf3 Ke6 62.Nc5+ Kf5 63.Bc3 g4+ 64.Kg2 h4 65.Be1 h3+ 66.Kg1 g3 67.
Kh1 Bd1 68.Bxg3 Bxg3 69.Nd3 Bf3+ 0-1

[Event "EU-chT Seniors 05th"]
[Site "Dresden"]
[Date "2003.02.28"]
[Round "6.4"]
[White "Zunker, Reinhard"]
[Black "Brameyer, Hermann"]
[Result "1/2-1/2"]
[WhiteElo "2194"]
[BlackElo "2282"]
[EventDate "2003.02.23"]
[PlyCount "32"]

1.e4 c5 2.Nf3 e6 3.c3 d5 4.exd5 Qxd5 5.d4 Nc6 6.Be2 cxd4 7.cxd4 Nf6 8.Nc3 
Qd6 9.O-O Be7 10.Nb5 Qd8 11.Bf4 Nd5 12.Bg3 O-O 13.Bc4 a6 14.Nc3 Nf6 15.a3 
b5 16.Ba2 b4 1/2-1/2

[Event "EU-chT Seniors 05th"]
[Site "Dresden"]
[Date "2003.03.01"]
[Round "7.1"]
[White "Baumbach, Friedrich"]
[Black "Vasiukov, Evgeni"]
[Result "1/2-1/2"]
[WhiteElo "2309"]
[BlackElo "2542"]
[EventDate "2003.02.23"]
[PlyCount "79"]

1.d4 Nf6 2.c4 c5 3.d5 b5 4.cxb5 a6 5.f3 g6 6.e4 d6 7.Nc3 Bg7 8.Bc4 O-O 9.
Nge2 Nbd7 10.bxa6 Qa5 11.O-O Bxa6 12.Bxa6 Qxa6 13.Qc2 Rfb8 14.Be3 Ne8 15.
Rab1 Nc7 16.b3 Rb4 17.a4 Rab8 18.Na2 R4b7 19.Rfd1 Bf6 20.Ng3 h5 21.Nf1 e6 
22.Nc3 exd5 23.Nxd5 Nxd5 24.exd5 Nb6 25.Bf2 c4 26.bxc4 Nxc4 27.Rxb7 Rxb7 
28.Rc1 Rb4 29.Ne3 Nb6 30.a5 Rb2 31.Qc6 Qxa5 32.Qxd6 Bd4 33.Qd8+ Kh7 34.Qe7
Rxf2 35.Qxf7+ Bg7 36.Nf5 gxf5 37.Qxh5+ Kg8 38.Qe8+ Kh7 39.Qh5+ Kg8 40.Qe8+
1/2-1/2

[Event "EU-chT Seniors 05th"]
[Site "Dresden"]
[Date "2003.03.01"]
[Round "7.1"]
[White "Baumgartner, Heinz"]
[Black "Turikov, Viktor"]
[Result "0-1"]
[WhiteElo "2381"]
[BlackElo "2370"]
[EventDate "2003.02.23"]
[PlyCount "88"]

1.Nf3 b6 2.g3 Bb7 3.Bg2 e6 4.O-O Nf6 5.c4 Be7 6.Nc3 O-O 7.Re1 d6 8.e4 c5 
9.d4 cxd4 10.Nxd4 Qc8 11.b3 a6 12.Ba3 Re8 13.Rc1 Nbd7 14.f4 Bf8 15.f5 e5 
16.Nc2 Qb8 17.g4 h6 18.Qe2 b5 19.h3 bxc4 20.Qxc4 Qa7+ 21.Kh2 Rac8 22.Qd3 
Qf2 23.Bb2 d5 24.Nxd5 Bxd5 25.exd5 e4 26.Qe2 Bd6+ 27.Kh1 Qg3 28.Bf1 h5 29.
Ne3 hxg4 30.hxg4 Qh4+ 31.Kg1 Ne5 32.Bxe5 Bxe5 33.Rxc8 Rxc8 34.Rd1 Rc3 35.
Bg2 Qh2+ 36.Kf1 Qf4+ 37.Qf2 Rxe3 38.Qxf4 Bxf4 39.Rd4 Rd3 40.Ra4 Rd1+ 41.
Ke2 Rd2+ 42.Kf1 Nxd5 43.Bxe4 Ne3+ 44.Kg1 Bg3 0-1

[Event "EU-chT Seniors 05th"]
[Site "Dresden"]
[Date "2003.03.01"]
[Round "7.1"]
[White "Biebinger, Gerhard"]
[Black "Hamm, Georg"]
[Result "1/2-1/2"]
[WhiteElo "2376"]
[BlackElo "2059"]
[EventDate "2003.02.23"]
[PlyCount "129"]

1.c4 Nf6 2.Nc3 g6 3.d4 c5 4.Nf3 Bg7 5.e4 cxd4 6.Nxd4 d6 7.Be2 Nc6 8.Be3 
Bd7 9.O-O O-O 10.Qd2 Nxd4 11.Bxd4 Bc6 12.f3 Nd7 13.Be3 a6 14.Rfd1 Rc8 15.
Rac1 b6 16.b4 Bb7 17.Nd5 Re8 18.Kh1 Rc6 19.Bg5 Bf8 20.a3 f6 21.Be3 e6 22.
Nc3 Qe7 23.Na4 Rec8 24.Nb2 R6c7 25.Bg1 Qe8 26.Bf1 Be7 27.h3 Kg7 28.Be3 Kg8
29.Qf2 Rc6 30.Re1 Qd8 31.Rcd1 Ba8 32.Rd2 Qc7 33.Red1 Bf8 34.Bd4 Be7 35.Be2
Bb7 36.Bf1 Ba8 37.Na4 Kf7 38.Qh4 Kg8 39.Nb2 Nf8 40.Bxf6 Bxf6 41.Qxf6 d5 
42.cxd5 exd5 43.Qd4 dxe4 44.Qxe4 b5 45.a4 Rc1 46.Qe1 Rxd1 47.Qxd1 Qc3 48.
axb5 axb5 49.Bxb5 Qxb4 50.Ba4 Rb8 51.Nd3 Qb1 52.Nc1 Rc8 53.Rc2 Rxc2 54.
Bxc2 Qa1 55.Bb3+ Kg7 56.Qd2 Bb7 57.Qe3 Qf6 58.Ne2 Bc6 59.Nd4 Bd7 60.Kh2 
Qd6+ 61.g3 h5 62.f4 Qf6 63.Bd5 Bc8 64.Bg2 Ne6 65.Nc6 1/2-1/2

[Event "EU-chT Seniors 05th"]
[Site "Dresden"]
[Date "2003.03.01"]
[Round "7.1"]
[White "Denda, Ronald"]
[Black "Duemmke, Juergen"]
[Result "1/2-1/2"]
[WhiteElo "2080"]
[BlackElo "2187"]
[EventDate "2003.02.23"]
[PlyCount "50"]

1.e4 d5 2.exd5 Nf6 3.c4 e6 4.dxe6 Bxe6 5.Nf3 Nc6 6.d4 Bb4+ 7.Nc3 Ne4 8.Bd2
Nxd2 9.Qxd2 Qe7 10.O-O-O O-O-O 11.a3 Na5 12.Qc2 Bxa3 13.bxa3 Qxa3+ 14.Qb2 
Nb3+ 15.Kb1 Qb4 16.d5 Bf5+ 17.Bd3 Bxd3+ 18.Rxd3 Qxc4 19.Rhd1 Rhe8 20.Re3 
Rxe3 21.fxe3 Rd6 22.Ne5 Qa6 23.Qa2 Na5 24.Kc2 f6 25.Nd3 Nc4 1/2-1/2

[Event "EU-chT Seniors 05th"]
[Site "Dresden"]
[Date "2003.03.01"]
[Round "7.1"]
[White "Eskandary, Jahja"]
[Black "Keller, Dieter"]
[Result "1/2-1/2"]
[WhiteElo "2172"]
[BlackElo "2385"]
[EventDate "2003.02.23"]
[PlyCount "31"]

1.e4 e6 2.Ne2 d5 3.exd5 exd5 4.Ng3 g6 5.d4 Bg7 6.c3 Qe7+ 7.Be2 Nf6 8.Bf4 
O-O 9.O-O b6 10.Re1 Be6 11.Nd2 c5 12.Nf3 Ne4 13.dxc5 Nxg3 14.Bxg3 bxc5 15.
Qd2 Nd7 16.Ng5 1/2-1/2

[Event "EU-chT Seniors 05th"]
[Site "Dresden"]
[Date "2003.03.01"]
[Round "7.1"]
[White "Hampel, Johannes"]
[Black "Holt, Trevor J"]
[Result "1-0"]
[WhiteElo "2003"]
[BlackElo "1776"]
[EventDate "2003.02.23"]
[PlyCount "91"]

1.d4 Nf6 2.c4 c5 3.d5 g6 4.Nc3 Bg7 5.g3 d6 6.Bg2 O-O 7.Nf3 a6 8.O-O Nbd7 
9.a4 Nb6 10.Qd3 Nh5 11.e4 f5 12.Ng5 f4 13.a5 Nd7 14.gxf4 Ndf6 15.e5 dxe5 
16.fxe5 Ng4 17.f4 Nh6 18.Be3 Bf5 19.Be4 Qc8 20.Bxf5 Nxf5 21.Ne6 Nd4 22.
Bxd4 cxd4 23.Qxd4 Bh6 24.Kh1 Rf5 25.c5 Ng7 26.Nxg7 Bxg7 27.d6 exd6 28.cxd6
Qd7 29.Nd5 Kh8 30.Nb6 Qb5 31.Nxa8 Bxe5 32.Qe4 Bxd6 33.Rae1 Qxb2 34.Nb6 Qf6
35.Qxb7 Rxf4 36.Rxf4 Qxf4 37.Qc8+ Kg7 38.Qc3+ Kh6 39.Qc1 g5 40.Qxf4 Bxf4 
41.Nd5 Bd2 42.Re6+ Kh5 43.Rxa6 Kg4 44.Ra8 h5 45.a6 Be1 46.Rf8 1-0

[Event "EU-chT Seniors 05th"]
[Site "Dresden"]
[Date "2003.03.01"]
[Round "7.1"]
[White "Hempson, Peter W"]
[Black "Neukirch, Detlef"]
[Result "1/2-1/2"]
[WhiteElo "2197"]
[BlackElo "2287"]
[EventDate "2003.02.23"]
[PlyCount "79"]

1.d4 Nf6 2.c4 e6 3.Nc3 Bb4 4.a3 Bxc3+ 5.bxc3 c5 6.f3 d5 7.e3 Nc6 8.cxd5 
Nxd5 9.Qc2 O-O 10.e4 Nb6 11.dxc5 Nd7 12.Be3 Qa5 13.Ne2 Nxc5 14.Nc1 Bd7 15.
Be2 Na4 16.Rb1 b6 17.Bd2 Nc5 18.Qb2 Na4 19.Qb3 Nc5 20.Qb2 e5 21.O-O Be6 
22.Bb5 Rac8 23.c4 Na4 24.Qc2 Nd4 25.Qd3 Nxb5 26.Bxa5 Bxc4 27.Qe3 bxa5 28.
Nd3 f6 29.Nb2 Nxb2 30.Rxb2 Bxf1 31.Kxf1 Nd4 32.h4 Rc7 33.Kf2 Rfc8 34.Kg3 
Rc3 35.Qd2 Rxa3 36.Ra2 Rac3 37.Rxa5 Rc2 38.Qd3 Ne2+ 39.Kh2 Nf4 40.Qb3+ 
1/2-1/2

[Event "EU-chT Seniors 05th"]
[Site "Dresden"]
[Date "2003.03.01"]
[Round "7.1"]
[White "Johannessen, Svein"]
[Black "Littlewood, John Eric"]
[Result "1/2-1/2"]
[WhiteElo "2337"]
[BlackElo "2286"]
[EventDate "2003.02.23"]
[PlyCount "54"]

1.g3 Nf6 2.Bg2 d5 3.c4 dxc4 4.Na3 g6 5.Nxc4 Bg7 6.Nf3 O-O 7.O-O Nbd7 8.d4 
Nb6 9.Na5 Qd5 10.Bd2 Qh5 11.Qc2 c6 12.e4 Rd8 13.Bc3 Ne8 14.Rad1 Nd6 15.Ne5
Bh3 16.f4 Bxg2 17.Qxg2 f5 18.g4 Qh4 19.gxf5 gxf5 20.Nxb7 Nxb7 21.Nxc6 Rd6 
22.Ne5 fxe4 23.Qxe4 Bxe5 24.dxe5 Rg6+ 25.Kh1 Nc5 26.Qe3 Rc8 27.f5 Qg5 
1/2-1/2

[Event "EU-chT Seniors 05th"]
[Site "Dresden"]
[Date "2003.03.01"]
[Round "7.1"]
[White "Kort, Jacob"]
[Black "Rosen, Willy"]
[Result "0-1"]
[WhiteElo "2225"]
[BlackElo "2326"]
[EventDate "2003.02.23"]
[PlyCount "54"]

{SCHACH-Magazin64 05/2003} 
1.d4 Nf6 2.c4 e6 3.Nc3 Bb4 4.Qc2 c5 5.dxc5 Na6 6.a3 Bxc3+ 7.Qxc3 Nxc5 8.b4
Nce4 9.Qd4 d5 10.c5 b6 11.f3 bxc5 12.bxc5 Qa5+ 13.Qb4 Qc7 14.fxe4 Rb8 {
Dieses Figurenopfer ist schon seit Jahren bekannt.} 15.Qc3 $2 
    ( {In der Hauptvariante folgt} 15.Qa4+ Bd7 16.c6 O-O 
        ( 16...Bxc6 17.Bf4 $5 )
    17.Bd2 Bxc6 18.Qa5 Qe5 19.Bc3 {,wonach Schwarz seine Kompensation erst
    beweisen muss. Der Partiezug verliert Zeit.} )
15...Nxe4 16.Qc2 Rb5 $1 17.Nf3 Rxc5 18.Qb2 Bd7 19.Bd2 O-O 20.e3 $2 
    ( 20.Rb1 {hätte wenigstens 20... Rb8 unterbunden. Ein Zuckerschlecken 
    ist die weisse Stellung auch dann nicht.} )
20...Rb8 21.Qe5 Nxd2 22.Kxd2 
    ( 22.Nxd2 Qxe5 )
22...Qa5+ 23.Ke2 Rc2+ 24.Kd1 Rbb2 25.a4 Rd2+ 26.Ke1 Re2+ 27.Kd1 Re1+ 
    ( 27...Re1+ 28.Nxe1 Qd2# )
0-1

[Event "EU-chT Seniors 05th"]
[Site "Dresden"]
[Date "2003.03.01"]
[Round "7.1"]
[White "Schmidt, Gerhard"]
[Black "Braun, Gottfried"]
[Result "1/2-1/2"]
[WhiteElo "2225"]
[BlackElo "2251"]
[EventDate "2003.02.23"]
[PlyCount "22"]

1.d4 d6 2.c4 Nf6 3.Nc3 Bf5 4.f3 e5 5.d5 e4 6.g4 Nxg4 7.fxg4 Qh4+ 8.Kd2 e3+
9.Kxe3 Qg5+ 10.Kf2 Qh4+ 11.Ke3 Qg5+ 1/2-1/2

[Event "EU-chT Seniors 05th"]
[Site "Dresden"]
[Date "2003.03.01"]
[Round "7.1"]
[White "Stavenhagen, Johannes"]
[Black "Neubert, Gerhard"]
[Result "1-0"]
[WhiteElo "1861"]
[BlackElo "1946"]
[EventDate "2003.02.23"]
[PlyCount "59"]

1.d4 e6 2.Nc3 d5 3.Nf3 f5 4.Bf4 Bd6 5.Bg5 Nf6 6.Nb5 Be7 7.Bf4 Na6 8.e3 c6 
9.Nc3 Nc7 10.Be2 O-O 11.Ne5 Nce8 12.h4 Nd7 13.g3 Nef6 14.Qd3 Nxe5 15.dxe5 
Ne4 16.f3 Nxc3 17.Qxc3 Bd7 18.O-O-O c5 19.g4 fxg4 20.Rdg1 Bc6 21.Rxg4 Rf7 
22.Qe1 Kh8 23.Qg3 Rc8 24.Rg1 Bf8 25.Bg5 Qa5 26.Bf6 Qc7 27.h5 h6 28.Rg6 
Rxf6 29.Rxf6 Qe7 30.Rxh6+ 1-0

[Event "EU-chT Seniors 05th"]
[Site "Dresden"]
[Date "2003.03.01"]
[Round "7.1"]
[White "Uhlmann, Wolfgang"]
[Black "Hecht, Hans Joachim"]
[Result "1/2-1/2"]
[WhiteElo "2446"]
[BlackElo "2381"]
[EventDate "2003.02.23"]
[PlyCount "78"]

1.c4 Nf6 2.Nc3 e6 3.Nf3 Bb4 4.Qc2 O-O 5.g3 Nc6 6.Bg2 d5 7.a3 Be7 8.d3 d4 
9.Nb1 a5 10.b3 e5 11.O-O Nd7 12.Nbd2 Nc5 13.Rb1 Re8 14.Re1 Bf5 15.b4 axb4 
16.axb4 Na4 17.c5 Nc3 18.Rb2 Ra4 19.b5 Nb4 20.Qb3 Bxc5 21.Nc4 Be6 22.Bd2 
Bxc4 23.Qxc4 Qd5 24.Qxd5 Ncxd5 25.Ng5 h6 26.Bxd5 Nxd5 27.Ne4 Bb6 28.Rc1 
Rea8 29.Rcc2 Ra1+ 30.Kg2 Rd1 31.g4 Raa1 32.Ra2 Kh7 33.Rxa1 Rxa1 34.Nc5 Rb1
35.Nxb7 Rxb5 36.Nd8 f6 37.h4 Nc3 38.Kf3 Rb3 39.Bxc3 Rxc3 1/2-1/2